01872nam a2200313 a 4500001001000000005001700010008004100027041000800068044000700076084002000083100004500103245009100148260004300239300002200282500018200304500007300486500051800559500007601077500001001153546002501163650005201188650005601240650003401296650004501330700005301375700003801428700004201466740005001508BRCA_317620190320204140.0130209s1859----ne-a---###---#000-0#dut-u adut ane a476b.K78c18591 aCervantes Saavedra, Miguel ded1547-161610aDe Vernuftige Jonkheer Don Quichote van de Manchacdoor Michael Cervantes de Saavedra. aHaarlem (Holanda)bA.C. Krusemanc1859 a2 v.bil.c19 cm. aContenido : v 1. Primera parte. Retrato de Cervantes. Dedicatoria del autor. Prólogo del autor. Texto. -- v 2. Segunda parte. Dedicatoria del autor. Prólogo del autor. Texto aEdición : Mit het spaansch vertaald door C.L. Schuller tot Peursum aTraducción de C.L. Schuller tot Peursum, con las dedicatorias y prólogos de Cervantes, pero sin los versos que van en los preliminares de la primera parte, traducidos ya al holandés por L.V. Bosch. Va adornada con varias láminas, cada una de las cuales tiene 5 grabaditos que son otros tantos dibujos de Tony Johannot y un retrato de Cervantes, copia del qu donó el conde del Águila a la Academia Española. La parte tipográfica es buena. Tela; lomos y planos decorados con dorados Lúdovik Osterc aEstado físico : La edición presenta la encuadernación desprendida aQM570 aTexto en : francés14aNovela españolayÉpoca clásica, 1500-170014aLiteratura españolayÉpoca clásica, 1500-170014aNovela españolaySiglo XVII14aDon Quijote (Personaje ficticio)eNovela1 aSchuller tot Peursum, C.L.d1813-1860eTraductor1 aBosch, Lambert Van deneTraductor1 aJohannot, Tonyd1803-1852eIlustrador0 aEl Ingenioso Hidalgo Don Quijote de la Mancha